Phong tục tập quán một số dân tộc thiểu số
Nội dung cuốn sách này gồm 4 phần: Văn hóa phong tục người Pà Thẻn ở Việt Nam; Phong tục - tập quán - lễ tết của người Tày Việt Bắc; Đám cưới và tục sinh đẻ của người Mông ở Cao Bằng; Hôn nhân và gia đình của dân tộc Brâu ở huyện Ngọc Hồi, tỉnh Kontum...
Đã lưu trong:
| Tác giả chính: | |
|---|---|
| Định dạng: | Sách |
| Năm xuất bản: |
H.
Văn hóa dân tộc
2012
|
| Chủ đề: | |
| Tags: |
Thêm thẻ
Không có thẻ, Hãy là người đầu tiên gắn thẻ bản ghi này!
|
| LEADER | 01002nam a2200181 4500 | ||
|---|---|---|---|
| 082 | |a 390 |b Ph431t | ||
| 100 | |a Ninh Văn Hiệp | ||
| 245 | |a Phong tục tập quán một số dân tộc thiểu số |c Ninh Văn Hiệp, Tuấn Dũng, Hoàng Quyết, Trương Thị Xúng | ||
| 260 | |a H. |b Văn hóa dân tộc |c 2012 | ||
| 300 | |a 687tr. |c 21cm | ||
| 520 | |a Nội dung cuốn sách này gồm 4 phần: Văn hóa phong tục người Pà Thẻn ở Việt Nam; Phong tục - tập quán - lễ tết của người Tày Việt Bắc; Đám cưới và tục sinh đẻ của người Mông ở Cao Bằng; Hôn nhân và gia đình của dân tộc Brâu ở huyện Ngọc Hồi, tỉnh Kontum | ||
| 653 | |a Văn hóa dân gian Việt Nam | ||
| 653 | |a Phong tục | ||
| 653 | |a Tập quán | ||
| 653 | |a Dân tộc thiểu số | ||
| 942 | |2 ddc |c SH | ||
| 999 | |c 7657 |d 7657 | ||
| 952 | |0 0 |1 0 |2 ddc |4 0 |6 390_000000000000000_PH431T |7 0 |8 300 |9 68479 |a qbu |b qbu |c D2 |d 2015-03-12 |o 390 Ph431t |p 7844.C1 |r 0000-00-00 |w 2015-03-12 |y SH | ||